Limburg, Limbourg: Gemeenten, Communes - Statistics

General Stats
  • This quiz has been taken 2,606 times
    1,694 since last reset
  • The average score is 26 of 38
Answers on the Map
Answers color-coded by a green-red scale on the quiz's map according to % correct below.
 
Answer Stats
Provincie Gemeente % Correct
Limburg Hasselt / Kortessem
97%
Limburg Genk
93%
Limburg Tongeren / Tongres / Tongern / Borgloon / Looz
89%
Limburg Maasmechelen
87%
Limburg Sint-Truiden / Saint-Trond
86%
Limburg Voeren / Fourons
85%
Limburg Tessenderlo / Ham
82%
Limburg Lommel
81%
Limburg Maaseik
81%
Limburg Peer
77%
Limburg Pelt
77%
Limburg Bilzen / Hoeselt
75%
Limburg Bree
71%
Limburg Heusden-Zolder
70%
Limburg Beringen
69%
Limburg Houthalen-Helchteren
68%
Limburg Leopoldsburg / Bourg-Léopold
67%
Limburg Lanaken
66%
Limburg Diepenbeek
65%
Limburg Hamont-Achel
65%
Limburg Zonhoven
65%
Limburg As
64%
Limburg Kinrooi
64%
Limburg Herstappe
62%
Limburg Dilsen-Stokkem
61%
Limburg Lummen
61%
Limburg Alken
60%
Limburg Hechtel-Eksel
59%
Limburg Herk-de-Stad / Herck-la-Ville
59%
Limburg Riemst
59%
Limburg Bocholt
58%
Limburg Zutendaal
58%
Limburg Oudsbergen
56%
Limburg Halen
51%
Limburg Gingelom
50%
Limburg Heers
50%
Limburg Wellen
48%
Limburg Nieuwerkerken
47%
No matching quizzes found
Score Distribution
Percent of People with Each Score
Percentile by Number Answered
Your Score History
You have not taken this quiz since the last reset